লোডিং...
Hindi kavya mein chhayavad/
| প্রধান লেখক: | |
|---|---|
| বিন্যাস: | Printed Book |
| প্রকাশিত: |
Agra:
Gayaprasad And Sons,
1957.
|
| LEADER | 00342nam a22001097a 4500 | ||
|---|---|---|---|
| 100 | |a Dinanath | ||
| 245 | |a Hindi kavya mein chhayavad/ |c Dinanath | ||
| 260 | |a Agra: |b Gayaprasad And Sons, |c 1957. | ||
| 300 | |a 340p. | ||
| 942 | |2 ddc |c BK | ||
| 999 | |c 243336 |d 243336 | ||
| 952 | |0 0 |1 0 |4 0 |7 0 |9 269894 |a HIN |b HIN |c S-16 |d 2012-04-16 |i 3899 |l 0 |p HIN3899 |r 2014-02-07 |w 2014-02-07 |y BK | ||